| 000 | 00786nam a2200193 a 4500 | ||
|---|---|---|---|
| 008 | 090313s2007 ||||||||||||||||| || u | ||
| 020 | _a9780199205219 | ||
| 050 | _aQA 297 All | ||
| 100 | _aAllaire, Gregoire | ||
| 245 | 1 | 0 |
_aNumerical analysis and optimization: an introduction to mathematical modelling and numerical simulation _cGrégoire Allaire |
| 260 |
_aOxford _bOxford University Press _c2007 |
||
| 300 | _axvi, 455p.: ill. | ||
| 350 | _a0.00 | ||
| 650 | _aMATHEMATICAL OPTIMIZATION | ||
| 650 | 0 | _aNUMERICAL ANALYSIS | |
| 650 | 0 | _aMATHEMATICS--HANDBOOKS, MANUALS, ETC | |
| 650 | _aMATHEMATICAL MODELS | ||
| 995 |
_D0.00 _FCBU-MAIN LIBRARY (Kitwe) _H1 _I0.00 _M1 _UAVAILABLE _WApr 2, 2009 _ZMain Library Open Access Collection |
||
| 999 |
_c52418 _d52418 |
||